[Event "Ljubljana Winter op"]
[Site "Ljubljana"]
[Date "2012.03.20"]
[Round "7"]
[White "Drnovsek, Gal"]
[Black "Andolsek, Dejan"]
[Result "1-0"]
[WhiteElo "2056"]
[BlackElo "1711"]
[PlyCount "81"]
[EventDate "2012.01.04"]
[EventType "swiss"]
[EventRounds "9"]
[EventCountry "SLO"]
[SourceTitle "EXT 2023"]
[Source "ChessBase"]
[SourceDate "2022.10.05"]
[SourceVersion "1"]
[SourceVersionDate "2022.10.05"]
[SourceQuality "1"]

1. d4 d5 2. c4 e6 3. Nf3 Nf6 4. e3 c6 5. Nc3 Bd6 6. Bd3 Nbd7 7. 0-0 0-0 8. Qe2 dxc4 9. Bxc4 Nd5 10. e4 Nxc3 11. bxc3 e5 12. Bg5 Qc7 13. Rfd1 Nb6 14. Bb3 exd4 15. cxd4 Bf4 16. Bh4 a5 17. e5 Bf5 18. a4 Qd7 19. Ng5 Nd5 20. Re1 Rae8 21. Ne4 Bxe4 22. Qxe4 Bd2 23. Rf1 Re6 24. Qg4 Qc8 25. Qe2 Bh6 26. Bg3 Rg6 27. Bc2 f5 28. exf6 Rgxf6 29. Be5 R6f7 30. Qe4 g6 31. Bb3 Qd7 32. f4 Qf5 33. Bxd5 Qxe4 34. Bxe4 Bxf4 35. Bxf4 Rxf4 36. Rxf4 Rxf4 37. Re1 Kg7 38. g3 Rf6 39. d5 c5 40. Bd3 Rf3 41. Bb5 1-0

[Event "Ljubljana Autumn op"]
[Site "Ljubljana"]
[Date "2011.11.30"]
[Round "9"]
[White "Andolsek, Dejan"]
[Black "Cop, Jaka"]
[Result "1-0"]
[WhiteElo "1628"]
[BlackElo "1651"]
[PlyCount "117"]
[EventDate "2011.09.28"]
[EventType "swiss"]
[EventRounds "9"]
[EventCountry "SLO"]
[SourceTitle "EXT 2023"]
[Source "ChessBase"]
[SourceDate "2022.10.05"]
[SourceVersion "1"]
[SourceVersionDate "2022.10.05"]
[SourceQuality "1"]

1. c4 e5 2. Nc3 Nf6 3. g3 Nc6 4. Bg2 Bc5 5. e3 d6 6. Nge2 Bg4 7. a3 a6 8. 0-0 0-0 9. b4 Ba7 10. Bb2 Qd7 11. Nd5 Nxd5 12. Bxd5 Bh3 13. Bg2 Ne7 14. d4 Bxg2 15. Kxg2 exd4 16. Nxd4 Bxd4 17. Qxd4 f6 18. Rad1 Nc6 19. Qd3 Qe6 20. Rd2 Ne5 21. Bxe5 dxe5 22. Qd5 Qxd5+ 23. Rxd5 Rfd8 24. Rfd1 Rxd5 25. Rxd5 Rc8 26. Kf3 Kf7 27. Rd7+ Kg6 28. h4 b6 29. a4 c5 30. b5 axb5 31. axb5 Rb8 32. Ke4 Ra8 33. Rb7 Ra4 34. Kd5 Ra2 35. Rxb6 Rxf2 36. Ke4 Rc2 37. Kd3 Rc1 38. Rc6 e4+ 39. Kxe4 Rxc4+ 40. Kd5 Rc3 41. b6 Rxe3 42. b7 Rb3 43. Rc7 Rb1 44. Kxc5 Kh6 45. Rf7 Rc1+ 46. Kd6 Rd1+ 47. Kc7 Rc1+ 48. Kd8 Rb1 49. Kc8 Kg6 50. Rc7 Kh6 51. b8Q Rxb8+ 52. Kxb8 g5 53. Rc4 Kg6 54. Kc7 Kf5 55. Kd6 h6 56. g4+ Kg6 57. h5+ Kg7 58. Rc7+ Kg8 59. Ke6 1-0

[Event "Ljubljana Autumn op"]
[Site "Ljubljana"]
[Date "2011.10.26"]
[Round "5"]
[White "Andolsek, Dejan"]
[Black "Tomasev, Nenad"]
[Result "1/2-1/2"]
[WhiteElo "1628"]
[BlackElo "2005"]
[PlyCount "121"]
[EventDate "2011.09.28"]
[EventType "swiss"]
[EventRounds "9"]
[EventCountry "SLO"]
[SourceTitle "EXT 2023"]
[Source "ChessBase"]
[SourceDate "2022.10.05"]
[SourceVersion "1"]
[SourceVersionDate "2022.10.05"]
[SourceQuality "1"]

1. c4 Nf6 2. Nc3 e6 3. d4 c5 4. e3 b6 5. Nf3 Bb7 6. Be2 Be7 7. 0-0 0-0 8. b3 Re8 9. d5 exd5 10. cxd5 d6 11. e4 Nbd7 12. Bf4 Nh5 13. Be3 Bf6 14. Rc1 g6 15. Nd2 Ng7 16. f3 a6 17. Nc4 Ne5 18. Nxe5 Bxe5 19. Qd2 b5 20. Bd3 Qe7 21. Nd1 Nh5 22. g4 Nf6 23. f4 Bd4 24. Bxd4 cxd4 25. Nf2 Qd7 26. h3 h5 27. g5 Nxd5 28. exd5 Bxd5 29. Rfe1 Rad8 30. Rxe8+ Rxe8 31. Re1 Rc8 32. Be4 Be6 33. Kh2 d5 34. Bg2 Bf5 35. Qxd4 Rc2 36. Re5 Be6 37. Kg3 Rxa2 38. Bxd5 h4+ 39. Kf3 Bxh3 40. Bxf7+ Kxf7 41. Rd5 Qe6 42. Qa7+ Qe7 43. Qxe7+ Kxe7 44. Nxh3 Ra3 45. Rd3 a5 46. Ke4 Ra2 47. Kd5 a4 48. bxa4 bxa4 49. Re3+ Kf7 50. Kc5 Rb2 51. Kc4 Rg2 52. Kb4 Rg3 53. Rxg3 hxg3 54. Kxa4 Ke6 55. Kb3 Kf5 56. Kc3 Kg4 57. Ng1 Kxf4 58. Kd3 Kxg5 59. Ke4 Kg4 60. Ke3 g5 61. Ke2 1/2-1/2

[Event "SLO-ch U20 qual"]
[Site "Otocec"]
[Date "2010.07.10"]
[Round "7"]
[White "Andolsek, Dejan"]
[Black "Copi, Ambroz"]
[Result "1/2-1/2"]
[WhiteElo "1635"]
[BlackElo "1567"]
[PlyCount "47"]
[EventDate "2010.07.06"]
[EventType "swiss"]
[EventRounds "9"]
[EventCountry "SLO"]
[SourceTitle "EXT 2012"]
[Source "ChessBase"]
[SourceDate "2011.11.24"]
[SourceVersion "1"]
[SourceVersionDate "2011.11.24"]
[SourceQuality "1"]

1. c4 c6 2. Nc3 Nf6 3. d4 d5 4. Bg5 Nbd7 5. e3 e6 6. Nf3 Bd6 7. Bd3 0-0 8. 0-0 dxc4 9. Bxc4 h6 10. Bh4 b6 11. Ne4 Be7 12. Nxf6+ Bxf6 13. Bxf6 Qxf6 14. Rc1 Bb7 15. Rc2 c5 16. d5 exd5 17. Bxd5 Bxd5 18. Qxd5 Rfd8 19. Qe4 Nf8 20. Rfc1 Qe6 21. Qc4 Rd6 22. Kf1 Rad8 23. Qxe6 Nxe6 24. Ke2 1/2-1/2

[Event "SLO-ch U20 qual"]
[Site "Otocec"]
[Date "2010.07.10"]
[Round "8"]
[White "Kralj, Samo"]
[Black "Andolsek, Dejan"]
[Result "1-0"]
[WhiteElo "1875"]
[BlackElo "1635"]
[PlyCount "51"]
[EventDate "2010.07.06"]
[EventType "swiss"]
[EventRounds "9"]
[EventCountry "SLO"]
[SourceTitle "EXT 2012"]
[Source "ChessBase"]
[SourceDate "2011.11.24"]
[SourceVersion "1"]
[SourceVersionDate "2011.11.24"]
[SourceQuality "1"]

1. g3 d5 2. Nf3 g6 3. Bg2 Bg7 4. 0-0 Nf6 5. d3 0-0 6. Qe1 c6 7. e4 dxe4 8. dxe4 Re8 9. Nc3 e5 10. Be3 Qc7 11. h3 Be6 12. Qe2 Nbd7 13. Ng5 Nb6 14. Nxe6 Rxe6 15. Kh2 Rd8 16. a3 h6 17. b4 Kh7 18. a4 Bf8 19. Rfb1 c5 20. Nb5 Qb8 21. bxc5 Nbd7 22. c6 Rxc6 23. Nxa7 Ra6 24. Nb5 Nc5 25. Bxc5 Bxc5 26. Qc4 1-0

[Event "SLO-ch U20 qual"]
[Site "Otocec"]
[Date "2010.07.08"]
[Round "4"]
[White "Urbanc, Maja"]
[Black "Andolsek, Dejan"]
[Result "0-1"]
[WhiteElo "1613"]
[BlackElo "1635"]
[PlyCount "62"]
[EventDate "2010.07.06"]
[EventType "swiss"]
[EventRounds "9"]
[EventCountry "SLO"]
[SourceTitle "EXT 2012"]
[Source "ChessBase"]
[SourceDate "2011.11.24"]
[SourceVersion "1"]
[SourceVersionDate "2011.11.24"]
[SourceQuality "1"]

1. d4 d5 2. c4 e6 3. Nc3 Nf6 4. Bg5 Be7 5. Nf3 b6 6. e3 Nbd7 7. cxd5 Nxd5 8. Nxd5 exd5 9. Bf4 Bb7 10. Be2 0-0 11. 0-0 c5 12. Rc1 c4 13. b3 b5 14. bxc4 bxc4 15. Rb1 Nb6 16. a4 a5 17. Nd2 Ba6 18. Qc2 Bb4 19. e4 c3 20. Bxa6 Rxa6 21. Nf3 Nc4 22. Qd3 Rg6 23. Ne5 Nxe5 24. dxe5 Qh4 25. Qe3 d4 26. Bg3 dxe3 27. Bxh4 e2 28. Rfe1 c2 29. Rxb4 axb4 30. f4 b3 31. Be7 b2 0-1

[Event "SLO-ch qual"]
[Site "Otocec"]
[Date "2009.07.11"]
[Round "8"]
[White "Djuricic, Domen"]
[Black "Andolsek, Dejan"]
[Result "1-0"]
[WhiteElo "1586"]
[BlackElo "1500"]
[PlyCount "101"]
[EventDate "2009.07.07"]
[EventType "swiss"]
[EventRounds "9"]
[EventCountry "SLO"]
[SourceTitle "EXT 2010"]
[Source "ChessBase"]
[SourceDate "2010.11.25"]
[SourceVersion "1"]
[SourceVersionDate "2010.11.25"]
[SourceQuality "1"]

1. e4 d5 2. exd5 Qxd5 3. Nc3 Qa5 4. Bc4 c6 5. d3 Bf5 6. Bd2 e6 7. h3 Nf6 8. Nf3 Bb4 9. a3 Bxc3 10. Bxc3 Qd8 11. Nh4 Bg6 12. Nxg6 hxg6 13. Qe2 0-0 14. 0-0 Nbd7 15. Rfe1 Nd5 16. Bd2 Qh4 17. Qg4 Qxg4 18. hxg4 b5 19. Ba2 a5 20. f3 Ra7 21. Bxd5 cxd5 22. b4 a4 23. c3 Rc8 24. Rac1 Rac7 25. g5 Kf8 26. Kf2 Ke7 27. f4 Nb8 28. g3 Nd7 29. Kg2 Kd6 30. Kf2 f6 31. gxf6 gxf6 32. Kg2 e5 33. Kf2 Ke6 34. Kf3 Nb6 35. Be3 e4+ 36. Kf2 Nd7 37. Bd4 f5 38. dxe4 dxe4 39. Rh1 Nf6 40. Bc5 Kd5 41. Rhd1+ Kc4 42. Rb1 Rxc5 43. bxc5 Rxc5 44. Rb4+ Kxc3 45. Rc1+ Kd3 46. Rxc5 e3+ 47. Ke1 Ne4 48. Rxe4 fxe4 49. Rxb5 e2 50. g4 Ke3 51. f5 1-0

[Event "SLO-ch qual"]
[Site "Otocec"]
[Date "2009.07.09"]
[Round "4"]
[White "Andolsek, Dejan"]
[Black "Nadvesnik, Maja"]
[Result "1-0"]
[WhiteElo "1500"]
[BlackElo "1879"]
[PlyCount "49"]
[EventDate "2009.07.07"]
[EventType "swiss"]
[EventRounds "9"]
[EventCountry "SLO"]
[SourceTitle "EXT 2010"]
[Source "ChessBase"]
[SourceDate "2010.11.25"]
[SourceVersion "1"]
[SourceVersionDate "2010.11.25"]
[SourceQuality "1"]

1. c4 e5 2. g3 g6 3. Bg2 Bg7 4. Nc3 Nc6 5. d3 f5 6. e4 d6 7. Nge2 Nce7 8. Rb1 Nf6 9. 0-0 0-0 10. f4 fxe4 11. Nxe4 Nxe4 12. Bxe4 exf4 13. Nxf4 c6 14. b4 Qb6+ 15. Kh1 Nf5 16. Qb3 Kh8 17. Bb2 Nd4 18. Qd1 Bd7 19. Bxg6 Kg8 20. Be4 Bf5 21. Bxf5 Rxf5 22. Qg4 Raf8 23. Rfe1 c5 24. Nd5 Qd8 25. Ne7+ 1-0

[Event "SLO-ch qual"]
[Site "Otocec"]
[Date "2009.07.09"]
[Round "5"]
[White "Janzelj, Tim"]
[Black "Andolsek, Dejan"]
[Result "1-0"]
[WhiteElo "1934"]
[BlackElo "1500"]
[PlyCount "53"]
[EventDate "2009.07.07"]
[EventType "swiss"]
[EventRounds "9"]
[EventCountry "SLO"]
[SourceTitle "EXT 2010"]
[Source "ChessBase"]
[SourceDate "2010.11.25"]
[SourceVersion "1"]
[SourceVersionDate "2010.11.25"]
[SourceQuality "1"]

1. d4 d5 2. Bf4 Nf6 3. e3 e6 4. c4 Be7 5. Nc3 Nbd7 6. c5 c6 7. b4 b5 8. a4 bxa4 9. Qxa4 Bb7 10. Ba6 Qc8 11. Be2 a6 12. h4 h5 13. Nf3 0-0 14. Ne5 g6 15. Bg5 Re8 16. Qc2 Nxe5 17. dxe5 Nd7 18. f4 Bxg5 19. hxg5 a5 20. bxa5 Nxc5 21. Bxh5 gxh5 22. Rxh5 Kf8 23. g6 Qc7 24. Rh7 Re7 25. g7+ Kg8 26. Rh8+ Kxg7 27. Qh7# 1-0

[Event "SLO-chT2 West"]
[Site "Kranj"]
[Date "2008.10.18"]
[Round "6.6"]
[White "Andolsek, Dejan"]
[Black "Vukadinovic, Bojan"]
[Result "0-1"]
[WhiteElo "1513"]
[BlackElo "1532"]
[PlyCount "114"]
[EventDate "2008.10.11"]
[EventType "team-swiss"]
[EventRounds "9"]
[EventCountry "SLO"]
[SourceTitle "EXT 2010"]
[Source "ChessBase"]
[SourceDate "2010.11.25"]
[SourceVersion "1"]
[SourceVersionDate "2010.11.25"]
[SourceQuality "1"]
[WhiteTeam "Krka Novo Mesto"]
[BlackTeam "Postojna"]
[WhiteTeamCountry "SLO"]
[BlackTeamCountry "SLO"]

1. c4 c5 2. Nf3 Nc6 3. Nc3 e5 4. g3 Nf6 5. Bg2 a6 6. 0-0 Be7 7. b3 0-0 8. Bb2 d6 9. e3 h6 10. Ne2 Bf5 11. d4 e4 12. Nd2 Nb4 13. d5 Nd3 14. Qc2 Nb4 15. Qb1 Nd3 16. Nc3 Re8 17. Ncxe4 Bxe4 18. Nxe4 Nxb2 19. Nxc5 dxc5 20. Qxb2 Bd6 21. Qc2 b5 22. e4 Be5 23. Rad1 Rc8 24. Kh1 Bd4 25. f4 Ng4 26. Bh3 Ne3 27. Qd3 Rb8 28. e5 bxc4 29. bxc4 Rb4 30. Rb1 a5 31. Rxb4 axb4 32. Re1 Nxd5 33. cxd5 Qxd5+ 34. Bg2 Qxa2 35. Qf5 Qe6 36. Qd3 b3 37. Qb5 b2 38. Bh3 Qd5+ 39. Bg2 Qd8 40. Rd1 Qb8 41. Qd3 c4 42. Qb1 Rd8 43. Be4 c3 44. Qc2 Qb6 45. h3 Be3 46. Rxd8+ Qxd8 47. Qd3 Qb6 48. Kg2 h5 49. Qxc3 g6 50. Qc2 Bg1 51. e6 fxe6 52. Bxg6 b1Q 53. Qc8+ Kg7 54. Qd7+ Kxg6 55. Qe8+ Kf5 56. Qf7+ Ke4 57. Qg6+ Ke3 0-1